| 000 | 00481nam a2200181Ia 4500 | ||
|---|---|---|---|
| 003 | LK-CoDNM | ||
| 008 | 010623t1903 xxu||||| |||| 00| 1 sin d | ||
| 040 |
_aLK-CoDNM _dLK-CoDNM _eLK-CoDNM |
||
| 041 | _asin | ||
| 080 | _a24 M 1 | ||
| 100 | _aMuhandiram,Katuwane Dissanayake. | ||
| 245 | _aකව් මිණි මල්දම | ||
| 246 | _aKaw mini Maldama | ||
| 260 |
_bM.M.P.Wijayarathna _aWelitara _c1903 |
||
| 300 | _bxxvi,207p., 21 cm | ||
| 650 | _aPoetry | ||
| 942 | _cBK | ||
| 999 |
_c85636 _d85636 |
||